Leader xxxxxxxxxx
001 __ PCLIS00045222
005 __ 20220218154244.0
010 0_ |a978-986-219-733-2|b第1冊 : 平裝|dNT$199
010 0_ |a978-986-219-734-9|b第2冊 : 平裝|dNT$199
100 __ |a20121127d2012 m y0chiy09 e
101 0_ |achi
102 __ |atw
105 __ |ay z 000ay
200 1_ |a盜墓筆記之藏海花|f南派三叔著
205 __ |a第1版
210 __ |a新北市汐止區|c普天出版|a新北市中和區|c旭昇圖書總經銷|d2012(民101)
215 0_ |a2冊|d21公分
225 2_ |a文學新樂園|v245-246
300 __ |a著者本名徐磊
327 1_ |v1,|a1, 閻王騎屍|v2,|a2, 千年伏筆
410 _0 |12001 |a文學新樂園|v245-246
500 11 |a盜墓筆記
517 1_ |a閻王騎屍|zchi
517 1_ |a千年伏筆|zchi
681 __ |a857.7|b8564
700 _0 |a南派三叔|4著
801 _0 |atw|b內湖高中|c20121127|gCCR
|